Представление документа в формате RUSMARC

ПолеНазваниеЗначение
  Тип записи a
  Библиографический уровень m
001 Контрольный номер bd4fdd0422504793b017388e76c88a81
005 Дата корректировки 20140606144544.4
010 Индекс ISBN __
a ISBN 978-5-85971-705-7
101 Язык документа 0_
a Язык текста rus
102 Страна публикации __
a Страна публикации RU
200 Заглавие и сведения об ответственности 1_
a Заглавие Розничные торговые сети: стратегии, экономика и управление
e Сведения, относящиеся к заглавию учеб. пособие для вузов
f Первые сведения об ответственности Н. В. Егарева [и др.] ; ред. А. А. Есютин, ред. Е. В. Карпова
210 Выходные данные 1_
c Издательство КноРус
a Место издания Москва
d Дата издания 2007
215 Физическое описание __
a Объем 416, [8] с.
300 Общие примечания __
a Общие примечания гриф УМО
610 Ключевые слова 0_
a Ключевые слова розничные торговые сети
a Ключевые слова учебное пособие
a Ключевые слова гриф умо
a Ключевые слова розничная торговля
a Ключевые слова сетевые технологии
a Ключевые слова горизонтальная интеграция
a Ключевые слова вертикальная интеграция
a Ключевые слова диверсификация
a Ключевые слова транснациональные компании
a Ключевые слова транснациональные сетевые компании
a Ключевые слова Wal-Mart Stores, Inc
a Ключевые слова CARREFOUR
a Ключевые слова IKEA
a Ключевые слова Marks & Spenser
a Ключевые слова METRO AG
a Ключевые слова AUCHAN
a Ключевые слова экономические стратегии
a Ключевые слова франчайзинг
a Ключевые слова торговые марки
a Ключевые слова бренд
a Ключевые слова российские розничные торговые сети
a Ключевые слова управление персоналом
a Ключевые слова аутсорсинг
a Ключевые слова аутстаффинг
a Ключевые слова управление ассортиментом
a Ключевые слова автоматизация предприятий торговли
686 Индексы других классификаций __
a Классификационный индекс 65.9(2)421.2я73
2 Код системы rubbk
701 Альтернативная интеллектуальная ответственность _1
a Фамилия Егарева
b Имя Н. В.
701 Альтернативная интеллектуальная ответственность _1
a Фамилия Есютин
b Имя А. А.
701 Альтернативная интеллектуальная ответственность _1
a Фамилия Калугина
b Имя С. А.
701 Альтернативная интеллектуальная ответственность _1
a Фамилия Карпова
b Имя Е. В.
702 Вторичная интеллектуальная ответственность _1
u 2
a Фамилия Есютин
b Имя А. А.
4 Код отношения 340
702 Вторичная интеллектуальная ответственность _1
u 2
a Фамилия Карпова
b Имя Е. В.
4 Код отношения 340
801 Источник записи _0
a Страна RU
b Организация РУК
c Дата составления 20070927
g Правила каталогизации PSBO
801 Источник записи _1
a Страна RU
b Организация РУК
c Дата составления 20070927
g Правила каталогизации PSBO
852 Данные о местонахождении __
j Шифр хранения ББК 65.9(2)421
i Авторский знак Р 64
901 Тип документа __
t Тип документа m
938 Служебная информация __
a Название организации Головной вуз
b Имя БД BOOK
c Название АИБС АИБС ИРБИС
952 Тип литературы __
b Гриф литературы для ВШ гриф УМО